000 00466nam a2200169 4500
001 VA15170
003 ES-SlBCS
005 20210601154332.0
008 140520s1968 xxu||||| |||| 00| 0 spa d
041 _aspa
100 1 _aObregón Barreda, Luis
_929449
245 1 0 _aLa educación en la mente del Vaticano II
_cLuis Obregón Barreda
260 _aMadrid :
_bStudium
_c, 1968
300 _a408 p.;
_c21 cm
611 2 4 _aVaticano II-Educación
_9368814
942 _cBK
999 _c803317
_d803317